000 00307nam a22001337a 4500
082 _a331.2GAL
100 _aGALENSON, WALTER
245 _aESSAYS ON EMPLOYMENT
260 _aGENEVA
_bILO
_c1971
300 _aV,191P
_bILL,:25CM
650 _aESSAYS ON EMPLOYMENT
700 _aGALENSON, WALTER
942 _cBK
999 _c15053
_d15053